000 00555cam a2200217 4500
001 B2369
008 090401t1989 xxu||||| |||| 00| 0 eng d
035 _a(Sirsi) u49668
041 _aeng
050 _a624.172
100 _aMoss, R.M.
245 _aStatic load testing of building structures
260 _aGarston,Watford
_bBuilding Research Establishment
_c1989
300 _a(4)p. : ill. ; 30cm.
350 _a0
490 _aBRE Information Paper
_v9/89
650 _aLOADING
700 _aCurrie, R.J.
942 _n0
948 _c04/03/1997
999 _c92586
_d92586